Name that website Quiz Stats

 Plays Quiz not verified by Sporcle

Challenge
Share
Tweet
Embed
Score 0/8 Timer 10:00
0 Plays Today
% Correct
Twitter
100%
Facebook
98.7%
Bing
98.7%
Youtube
98.7%
Minecraft
94.9%
google
87.3%
82.3%
Yahoo
74.7%

You're not logged in!

Compare scores with friends on all Sporcle quizzes.
OR
Log In

You Might Also Like...

Show Comments

Extras

Created May 17, 2012ReportNominate
Tags:Clickable Quiz, website

Top Quizzes Today


Score Distribution

Your Account Isn't Verified!

In order to create a playlist on Sporcle, you need to verify the email address you used during registration. Go to your Sporcle Settings to finish the process.

Report this User

Report this user for behavior that violates our Community Guidelines.

Details: